000 00324 a2200145 4500
001 168184
020 _a
040 _cMagnum
100 _aPaiva, Vanilda
240 1 0 _aO mundo em mudanca: virando o milenio
_lpor
245 1 0 _aO mundo em mudanca: virando o milenio
362 0 _a1899
697 _aENSINO
942 _cBK
999 _c168184
_d168184